Nie sú tipy ako tipy

Bibliographic Details
Main Author: Burjan, Vladimír, 1960- (Author)
Format: Article
Language:Slovak
PhysicalDescription:Fotogr., grafy
ISSN:1338-0338
Subjects:
Online Access:www.dobraskola. com

MARC

LEADER 00000nab a2200000 ar4500
001 vtls010425466
003 SK-MaSNL
005 20260303093245.0
008 120525c2012 xo qr|p||| |000 b|slo
015 |a SNBRB2012/05 
038 |a SPK 
040 |a SPKCL  |b slo  |c AACR2  |e AACR2 
041 0 |a slo 
044 |a xo  |c SK 
072 7 |a 371  |x Školstvo (organizácia)  |2 konspekt 
080 |a 371.263  |2 2001 
100 1 |a Burjan, Vladimír,  |d 1960-  |4 aut  |9 104648 
245 1 0 |a Nie sú tipy ako tipy  |c Vladimír Burjan 
300 |b Fotogr., grafy 
650 0 7 |a hodnotenie žiakov  |2 snkbucl  |9 3929 
650 0 7 |a úroveň vedomostí  |2 snkbucl  |9 473701 
650 0 7 |a testy  |2 snkbucl  |9 277938 
650 0 7 |a rady  |2 snkbucl  |9 338616 
773 0 |t Dobrá škola  |g Roč. III, č. 9 (2012), s. 18  |x 1338-0338 
852 |a SPK  |b KIS3GCP 
856 4 1 |u www.dobraskola. com 
999 |c 1814799  |d 1816729